01498cam a2200277 i 45000010008000000030004000080050017000120080041000290100017000700400018000870430012001050500021001170820014001381000046001522450208001982500027004062600078004333000031005115000315005426500041008576500054008986500054009526500054010066500054010607000106011141767881OSt20170209114125.0761123s1976 ctua 000 0 eng  a 76380369  aDLCcDLCdDLC an-us-ct00aNA730.C8K38 197600a720/.97461 aKeith, Elmer D.q(Elmer Davenport)d1976-10aSome notes on early Connecticut architecture /cby Elmer D. Keith & The nomenclature of rooms in the 17th and 18th century Connecticut house / by Frédéric C. Palmer ; edited by Arthur W. Leibundguth. a2d. ed., rev. and enl. aHartford :bAntiquarian & Landmarks Society, inc., of Connecticut,c1976. ax, 48 p. :bill. ;c23 cm. a"Some notes on early Connecticut architecture ... first published in 1938 by the Prospect Press for the Antiquarian & Landmarks Society, Inc., of Connecticut." "The nomenclature of rooms in the 17th and 18th century Connecticut house ... first published in the Connecticut antiquarian, 15 (July, 1963): 18-20." 0aArchitecture, ColonialzConnecticut. 0aArchitecturezConnecticutxHistoryy17th century. 0aArchitecturexConnecticutxHistoryy18th century. 0aArchitecturezConnecticutxHistoryy19th century. 0aArchitecture, DomesticzConnecticutxTerminology.12aPalmer, Frédéric C.tNomenclature of rooms in the 17th and 18th century Connecticut house.f1976.